Current Events - Feb 2 - Statistics

General Stats
  • This quiz has been taken 13 times
  • The average score is 9 of 31
Answer Stats
Hint Answer % Correct
In what country did a toddler get stuck in a claw machine game? Australia
67%
What city in Kenya had a massive explosion, killing 2 people? Nairobi
67%
What country is applying to NATO? Sweden
67%
What car company is recalling even more cars because the font is too small on the warning lights? Tesla
67%
How many years has Rupaul's Drag Race been on the air? 15
33%
Bruce Springsteens mother, by what name, dies at 98? Adele
33%
What winter program is held in Minneapolis every year? Art Shanty Project
33%
What actor is leaving General Hospital, after their character dies. Avery Pohl
33%
What mission is set to undock from the ISS? Axiom Mission 3
33%
What is the cast of Argylle in alphabetical order? Bryce Dallas Howard, Dua Lipa, Henry Cavill, Sam Rockwell
33%
What actor was cast in the Last of Us 2? Catherine O'hara
33%
Who is the first US woman to race across the globe in sailboat? Cole Brauer
33%
What rapper is sentenced to 5 years probation for hit and run? DaniLeigh
33%
What two actors star in a Paramount+ ad for the superbowl? Drew Barrymore, Patrick Stewart
33%
What character is Jim Carrey set to reprise in the Sonic franchise? Dr. Robotnik
33%
What famous artist opened an exhibition in Beijing to honour the year of the Dragon? Fan Zeng
33%
What rapper fought Trey Songz in Dubai? Jacquees
33%
What actor would be in government for climate if they weren't an actor? Jason Momoa
33%
On what lake is it held? Lake Harriet
33%
Where did a man named Abdul Shokoor Ezedi throw chemicals at a woman and her two daughters? London
33%
What singer joked about microdosing on magic mushrooms? Micheal Buble
33%
Where was the NHL All Star weekend held? Nathan Phillips Square
33%
What head coach did the L.A. Kings fire? Todd McLellan
33%
What two famous people are playing at the NHL All Stars weekend? Will Arnett, Justin Bieber
33%
What actor was diagnosed with ALS? Aaron Lazar
0%
What is Lil Dicky's real name? Dave Burd
0%
Who is the DA who subpoenad Donald Trump? Fani Willis
0%
What actor from Baywatch is struggling with cancer? Nicole Eggert
0%
What is the name of the groundhog in Pennsylvania? Punxsutawney Phil
0%
What director didn't see eye to eye with Jake Gyllenhaal? Thomas Bidegain
0%
What top military leader of Ukraine is Zelensky rumoured to be firing? Valerii Zaluzhnyi
0%
No matching quizzes found
Score Distribution
Percent of People with Each Score
Percentile by Number Answered
Your Score History
You have not taken this quiz